00696cam a2200193 a 4500020001500000020002200015040000800037082002500045100002500070245003600095260004400131300003300175520019500208650002200403650002200425650001200447650002500459700001800484 a1562470760 a1562470752 (pbk.) cDLC00a813 PLE 1998 A93 Or.1 aPorter, Connie Rose,10aMeet Addy :ban American girl / aMiddleton, Wis. :bPleasant Co.,c1998. a69 p. :bcol. ill. ;c22 cm. aIn 1864, after her father and brother are sold to another owner, nine-year-old Addy Walker and her mother escape from their cruel life as slaves in North Carolina to freedom in Philadelphia. 0aAfrican Americans 1aAfrican Americans 1aSlavery 1aUnderground Railroad1 aTaylor, Dahl,